| 000 | 00427nam a22001577a 4500 | ||
|---|---|---|---|
| 003 | SGT | ||
| 020 | _a97811543348668 | ||
| 082 |
_a615.19 _bL25M |
||
| 100 | _aMANASA, KESHARI LAKSHMI | ||
| 245 | _aLAB MANUAL FOR PHARMACEUTICAL ORGANIC CHEMISTRY | ||
| 260 |
_aPUNJAB _bS. VIKASH & COMPANY _c2025 |
||
| 300 | _a134 | ||
| 650 | _aCHEMISTRY | ||
| 653 | _aLAB, MANUAL, PHARMACEUTICAL, ORGANIC, CHEMISTRY | ||
| 942 |
_2ddc _cGF BOOKS |
||
| 999 |
_c33297 _d33297 |
||